00444nam a2200085Ia 4500008004100000100002200041245009500063260017500158650002500333220216s9999 xx 000 0 und d aDalimunthe Rusdan 0aEffect of styrene on mechanical stability time of natural rubber latex before modification bNatural Rubber: Current Developments in Product Manufacture and Applications: Proceedings of the International Rubber Technology Conferencce, Kuala Lumpur, 1993; p454-462 aNatural rubber latex